| 000 | 00338nam a22001337a 4500 | ||
|---|---|---|---|
| 020 | _a9780521837163 | ||
| 040 | _cNUST | ||
| 082 |
_a621.382 _bGOL |
||
| 100 |
_aGoldsmith , Andrea _997325 |
||
| 245 | _aWireless Communications | ||
| 260 |
_aNew York: _bCambridge, _c2013. |
||
| 650 |
_aWireless Communications _956903 |
||
| 942 |
_2ddc _cREF |
||
| 999 |
_c609878 _d609878 |
||